Estimated impacts of energy and climate change policies on energy prices and bills (Record no. 114928)

MARC details
000 -LEADER
fixed length control field 01167cad a22002055a 4500
001 - CONTROL NUMBER
control field L157706
008 - FIXED-LENGTH DATA ELEMENTS--GENERAL INFORMATION
fixed length control field 130328e2013 xxk 000 0 eng d
035 ## - SYSTEM CONTROL NUMBER
System control number (Sirsi) u157706
041 0# - LANGUAGE CODE
Language code of text/sound track or separate title eng
110 2# - MAIN ENTRY--CORPORATE NAME
Corporate name or jurisdiction name as entry element United Kingdom
Subordinate unit Department of Energy and Climate Change
9 (RLIN) 5850
245 00 - TITLE STATEMENT
Title Estimated impacts of energy and climate change policies on energy prices and bills
Medium [electronic resource]
260 ## - PUBLICATION, DISTRIBUTION, ETC.
Place of publication, distribution, etc. London
Name of publisher, distributor, etc. DECC
Date of publication, distribution, etc. 2013
520 ## - SUMMARY, ETC.
Summary, etc. Impact of energy and climate change policies on the gas and electricity bills for households and businesses. Shows that these policies have tempered the impact on household energy bills and householders are paying on average 5% less for their gas and electricity bills as a result of energy and climate change policies compared to if no policies had existed and in 2020 the net saving will reach £166 or 11%.
590 ## - LOCAL NOTE (RLIN)
Local note KA
651 #4 - SUBJECT ADDED ENTRY--GEOGRAPHIC NAME
Geographic name United Kingdom
690 ## - LOCAL SUBJECT ADDED ENTRY--TOPICAL TERM (OCLC, RLIN)
Topical term or geographic name as entry element Energy
9 (RLIN) 6237
690 ## - LOCAL SUBJECT ADDED ENTRY--TOPICAL TERM (OCLC, RLIN)
Topical term or geographic name as entry element Sustainability
9 (RLIN) 6271
856 40 - ELECTRONIC LOCATION AND ACCESS
Uniform Resource Identifier <a href="https://www.gov.uk/government/uploads/system/uploads/attachment_data/file/172923/130326_-_Price_and_Bill_Impacts_Report_Final.pdf">https://www.gov.uk/government/uploads/system/uploads/attachment_data/file/172923/130326_-_Price_and_Bill_Impacts_Report_Final.pdf</a>
Public note View the item free of charge at www.gov.uk
942 ## - ADDED ENTRY ELEMENTS (KOHA)
Suppress in OPAC 0
Holdings
Withdrawn status Lost status Source of classification or shelving scheme Damaged status Not for loan Home library Current library Shelving location Date acquired Total Checkouts Full call number Barcode Date last seen Copy number Price effective from Koha item type
    Dewey Decimal Classification     Virtual Virtual Online 28/03/2013   ONLINE PUBLICATION 157706-2001 06/08/2019 1 06/08/2019 Book